<?xml version="1.0" encoding="UTF-8"?>
<record
    xmlns:xsi="http://www.w3.org/2001/XMLSchema-instance"
    xsi:schemaLocation="http://www.loc.gov/MARC21/slim http://www.loc.gov/standards/marcxml/schema/MARC21slim.xsd"
    xmlns="http://www.loc.gov/MARC21/slim">

  <leader>01215    a2200241   4500</leader>
  <controlfield tag="003">Nust</controlfield>
  <controlfield tag="005">20221214104853.0</controlfield>
  <datafield tag="010" ind1=" " ind2=" ">
    <subfield code="a">   98050398</subfield>
  </datafield>
  <datafield tag="020" ind1=" " ind2=" ">
    <subfield code="a">0137549202</subfield>
  </datafield>
  <datafield tag="035" ind1=" " ind2=" ">
    <subfield code="a">(DLC)   98050398</subfield>
  </datafield>
  <datafield tag="040" ind1=" " ind2=" ">
    <subfield code="c">Nust</subfield>
  </datafield>
  <datafield tag="082" ind1="0" ind2="0">
    <subfield code="a">621.3822,OPP</subfield>
  </datafield>
  <datafield tag="100" ind1="1" ind2=" ">
    <subfield code="a">Oppenheim, Alan V.,</subfield>
    <subfield code="9">69572</subfield>
  </datafield>
  <datafield tag="245" ind1="1" ind2="0">
    <subfield code="a">Discrete-time signal processing /</subfield>
    <subfield code="c">Alan V. Oppenheim, Ronald W. Schafer, with John R. Buck.</subfield>
  </datafield>
  <datafield tag="250" ind1=" " ind2=" ">
    <subfield code="a">2nd ed.</subfield>
  </datafield>
  <datafield tag="260" ind1=" " ind2=" ">
    <subfield code="a">Upper Saddle River, N.J. :</subfield>
    <subfield code="b">Prentice Hall,</subfield>
    <subfield code="c">c1999.</subfield>
  </datafield>
  <datafield tag="300" ind1=" " ind2=" ">
    <subfield code="a">xxvi, 870 p. :</subfield>
    <subfield code="b">ill. ;</subfield>
    <subfield code="c">25 cm.</subfield>
  </datafield>
  <datafield tag="505" ind1=" " ind2=" ">
    <subfield code="a">Introduction (Page-1), Discrete-Time Signals and Systems (Page-8), The z-Transform (Page-94), Sampling of Continuous-Time Signals (Page-140), Transform Analysis of Linear Time-Invariant Systems (Page-240), Structures for Discrete-Time Systems (Page-340), Filter Design Techniques (Page-439), The Discrete Fourier Transform (Page-541), Computation of the Discrete Fourier Transform (Page-629), Fourier Analysis of Signals Using the Discrete Fourier Transform (Page-693), Discrete Hilbert Transforms (Page-775).</subfield>
  </datafield>
  <datafield tag="650" ind1=" " ind2="0">
    <subfield code="a">Telecommunication Engineering.</subfield>
  </datafield>
  <datafield tag="700" ind1="1" ind2=" ">
    <subfield code="a">Buck, John R.</subfield>
    <subfield code="9">104814</subfield>
  </datafield>
  <datafield tag="700" ind1="1" ind2=" ">
    <subfield code="a">Schafer, Ronald W.,</subfield>
    <subfield code="d">1938-</subfield>
    <subfield code="9">83396</subfield>
  </datafield>
  <datafield tag="942" ind1=" " ind2=" ">
    <subfield code="2">ddc</subfield>
    <subfield code="c">BK</subfield>
  </datafield>
  <datafield tag="999" ind1=" " ind2=" ">
    <subfield code="c">179928</subfield>
    <subfield code="d">179928</subfield>
  </datafield>
  <datafield tag="952" ind1=" " ind2=" ">
    <subfield code="0">0</subfield>
    <subfield code="1">0</subfield>
    <subfield code="2">ddc</subfield>
    <subfield code="4">0</subfield>
    <subfield code="7">0</subfield>
    <subfield code="8">NFIC</subfield>
    <subfield code="a">MCS</subfield>
    <subfield code="b">MCS</subfield>
    <subfield code="d">2016-12-12</subfield>
    <subfield code="l">0</subfield>
    <subfield code="o">621.3822  OPP</subfield>
    <subfield code="p">MCS28707</subfield>
    <subfield code="r">2016-12-08</subfield>
    <subfield code="w">2016-12-12</subfield>
    <subfield code="y">BK</subfield>
  </datafield>
  <datafield tag="952" ind1=" " ind2=" ">
    <subfield code="0">0</subfield>
    <subfield code="1">0</subfield>
    <subfield code="2">ddc</subfield>
    <subfield code="4">0</subfield>
    <subfield code="7">0</subfield>
    <subfield code="a">MCS</subfield>
    <subfield code="b">MCS</subfield>
    <subfield code="c">GEN</subfield>
    <subfield code="d">2016-12-12</subfield>
    <subfield code="l">1</subfield>
    <subfield code="o">621.3822,OPP</subfield>
    <subfield code="p">MCS28708</subfield>
    <subfield code="r">2023-01-27</subfield>
    <subfield code="s">2023-01-26</subfield>
    <subfield code="w">2016-12-12</subfield>
    <subfield code="y">BK</subfield>
    <subfield code="z">Almirah No.36, Shelf No.6</subfield>
  </datafield>
  <datafield tag="952" ind1=" " ind2=" ">
    <subfield code="0">0</subfield>
    <subfield code="1">0</subfield>
    <subfield code="2">ddc</subfield>
    <subfield code="4">0</subfield>
    <subfield code="7">0</subfield>
    <subfield code="a">MCS</subfield>
    <subfield code="b">MCS</subfield>
    <subfield code="c">GEN</subfield>
    <subfield code="d">2016-12-12</subfield>
    <subfield code="o">621.3822,OPP</subfield>
    <subfield code="p">MCS28709</subfield>
    <subfield code="r">2016-12-08</subfield>
    <subfield code="w">2016-12-12</subfield>
    <subfield code="y">BK</subfield>
    <subfield code="z">Almirah No.36, Shelf No.6</subfield>
  </datafield>
  <datafield tag="952" ind1=" " ind2=" ">
    <subfield code="0">0</subfield>
    <subfield code="1">0</subfield>
    <subfield code="2">ddc</subfield>
    <subfield code="4">0</subfield>
    <subfield code="7">0</subfield>
    <subfield code="a">MCS</subfield>
    <subfield code="b">MCS</subfield>
    <subfield code="c">GEN</subfield>
    <subfield code="d">2022-12-14</subfield>
    <subfield code="l">5</subfield>
    <subfield code="o">621.3822,OPP</subfield>
    <subfield code="p">MCS37179</subfield>
    <subfield code="r">2024-12-30</subfield>
    <subfield code="s">2024-12-17</subfield>
    <subfield code="w">2022-12-14</subfield>
    <subfield code="y">BK</subfield>
    <subfield code="z">Almirah No.36, Shelf No.6</subfield>
  </datafield>
  <datafield tag="952" ind1=" " ind2=" ">
    <subfield code="0">0</subfield>
    <subfield code="1">0</subfield>
    <subfield code="2">ddc</subfield>
    <subfield code="4">0</subfield>
    <subfield code="7">0</subfield>
    <subfield code="a">MCS</subfield>
    <subfield code="b">MCS</subfield>
    <subfield code="c">GEN</subfield>
    <subfield code="d">2023-01-28</subfield>
    <subfield code="o">621.3822,OPP</subfield>
    <subfield code="p">MCS28694</subfield>
    <subfield code="r">2023-01-28</subfield>
    <subfield code="w">2023-01-28</subfield>
    <subfield code="y">BK</subfield>
    <subfield code="z">Almirah No.36, Shelf No.6</subfield>
  </datafield>
  <datafield tag="952" ind1=" " ind2=" ">
    <subfield code="0">0</subfield>
    <subfield code="1">0</subfield>
    <subfield code="2">ddc</subfield>
    <subfield code="4">0</subfield>
    <subfield code="7">0</subfield>
    <subfield code="a">MCS</subfield>
    <subfield code="b">MCS</subfield>
    <subfield code="c">GEN</subfield>
    <subfield code="d">2023-01-28</subfield>
    <subfield code="l">4</subfield>
    <subfield code="o">621.3822,OPP</subfield>
    <subfield code="p">MCS36283</subfield>
    <subfield code="r">2024-03-04</subfield>
    <subfield code="s">2024-01-08</subfield>
    <subfield code="w">2023-01-28</subfield>
    <subfield code="y">BK</subfield>
    <subfield code="z">Almirah No.36, Shelf No.6</subfield>
  </datafield>
  <datafield tag="952" ind1=" " ind2=" ">
    <subfield code="0">0</subfield>
    <subfield code="1">0</subfield>
    <subfield code="2">ddc</subfield>
    <subfield code="4">0</subfield>
    <subfield code="7">0</subfield>
    <subfield code="a">MCS</subfield>
    <subfield code="b">MCS</subfield>
    <subfield code="c">GEN</subfield>
    <subfield code="d">2023-03-08</subfield>
    <subfield code="l">1</subfield>
    <subfield code="o">621.3822,OPP</subfield>
    <subfield code="p">MCS26814</subfield>
    <subfield code="r">2025-10-16</subfield>
    <subfield code="s">2023-12-08</subfield>
    <subfield code="w">2023-03-08</subfield>
    <subfield code="y">BK</subfield>
    <subfield code="z">Almirah No.36, Shelf No.6</subfield>
  </datafield>
  <datafield tag="952" ind1=" " ind2=" ">
    <subfield code="0">0</subfield>
    <subfield code="1">0</subfield>
    <subfield code="2">ddc</subfield>
    <subfield code="4">0</subfield>
    <subfield code="7">0</subfield>
    <subfield code="a">MCS</subfield>
    <subfield code="b">MCS</subfield>
    <subfield code="c">GEN</subfield>
    <subfield code="d">2025-11-11</subfield>
    <subfield code="o">621.3822,OPP</subfield>
    <subfield code="p">MCS28692</subfield>
    <subfield code="r">2025-11-11</subfield>
    <subfield code="w">2025-11-11</subfield>
    <subfield code="y">BK</subfield>
    <subfield code="z">Almirah No.36, Shelf No.6</subfield>
  </datafield>
</record>
